| 000 | 00842nam a2200229Ii 4500 | ||
|---|---|---|---|
| 003 | JO-AjNU | ||
| 008 | 230605s9999||||xx |||||||||||||| ||und|| | ||
| 017 | _a2006/2723 | ||
| 020 | _a977-358-133-6 | ||
| 040 |
_aJO-AjNU _bara _erda _cJO-AjNU |
||
| 041 | _aara | ||
| 050 | 1 | 4 | _aHF5415 .123.A233.2009 |
| 100 | 3 |
_aعبدالحميد،طلعت اسعد, _eauthor _932520 |
|
| 245 | 0 | 0 | _aالاتصالات التسويقية المتكاملة=Integrated Marketing Communication(IMC):طريقك المباشر الى قلب وفكر العميل |
| 250 | _aط2 | ||
| 264 | 3 | 1 | _aالقاهرة:المؤلف؛2009 |
| 300 |
_a360ص _bيحتوي على ببلوغرافية من ص351-360ص |
||
| 336 |
_atext _btxt _2rdacontent |
||
| 337 |
_aunmediated _bn _2rdamedia |
||
| 338 |
_avolume _bnc _2rdacarrier |
||
| 650 | 4 |
_aالتسويق _932521 |
|
| 999 |
_aA13138 _c16706 _d16706 |
||